| 000 | 01493cam a2200409 i 4500 | ||
|---|---|---|---|
| 001 | 41883 | ||
| 003 | Mx-PuUPA | ||
| 005 | 20250514104044.0 | ||
| 008 | 140415s1989 mx a gr 001 0aspa d | ||
| 020 | _a9684523769 | ||
| 040 |
_cMx-PuUPA _aMx-PuUPA _bspa _dMx-PuUPA _erda |
||
| 041 | 0 | _aspa | |
| 043 | _ae-sp--- | ||
| 100 | 1 |
_aBaroja, Pío, _d1872-1956 _913314 _eautor |
|
| 245 | 1 | 0 |
_aFinal del siglo XIX y principios del XX : _bGalería de tipos de la época / _cPío Baroja |
| 250 |
_aPrimera edición / _ben la Colección "Sepan Cuantos..." |
||
| 260 |
_a _b _c |
||
| 264 | 1 |
_aMéxico, D.F. _bEditorial Porrúa, _c1989 |
|
| 300 |
_a451 páginas : _bilustraciones ; _c22 cm |
||
| 336 |
_2rdacontent _atexto _btxt |
||
| 337 |
_2rdamedia _asin medio _bn |
||
| 338 |
_2rdacarrier _avolumen _bnc |
||
| 490 | 1 |
_a"Sepan cuantos..." ; _v581 |
|
| 490 | 0 | _aDesde la última vuelta del camino (Memorias) | |
| 600 | 1 | 4 |
_aBaroja, Pío, _d1872-1956 _913314 |
| 600 | 1 | 4 |
_aBaroja, Pío, _d1872-1956 _xViajes _zEuropa |
| 650 | 7 |
_2armarc _aAutores españoles _ySiglo XX _vBiografía |
|
| 650 | 7 |
_2armarc _aAutobiografías (obras literarias) |
|
| 651 | 4 |
_aEspaña _xVida intelectual _ySiglo XX |
|
| 740 | 0 | 2 | _aFinal del siglo XIX y principios del XX |
| 740 | 0 | 2 | _aGalería de tipos de la época |
| 830 | 0 |
_a"Sepan cuantos..." _912175 _v581 |
|
| 942 |
_2ddc _cLI _h868.6209 _iB22 |
||
| 999 |
_c41883 _d41883 |
||